LEADER 01040nam a2200265 i 4500 001 000000154471 003 CaOOAMICUS 005 20061018000000.0 008 061018s1957 it u000 u ita u 013 $a131817 040 $aSeMil$bita 100 1 $aAntonicelli, Franco,$d<1902-1974>.$0(OLS)http://semarc/name/8848 245 10$aPiccolo libro di lettura /$cFranco Antonicelli. 260 $aTorino :$bEdizioni Radio Italiana,$ccopyr. 1957. 300 $a216 p., [18] ;$c20 cm. 490 0 $aIl libro della sera ;$v4 500 $aFondo Ciprandi. 650 4$aLetteratura italiana - Antologie.$0(OLS)http://semarc/subject/2248 830 3$aIl libro della sera ;$v4.$0(OLS)http://semarc/title/19872 850 $aSeMil 852 $aSeMil$W1$xVenegono$y1$m1D III 179$j106329$B106329$CSeMilBibl$Z2$F115577 $81 941 1 $a1 961 $aOmaggio: Ciprandi dott. Paolo 996 $6245$aPiccolo libro di lettura$9(OLS)http://semarc/title/226078 996 $6260$aTorino :$bEdizioni Radio Italiana$9(OLS)http://semarc/publisher/34053 LEADER 01063nas a2200229 i 4500 001 000000334269 003 CaOOAMICUS 005 20190624121159.0 008 190624b2017 it ar u0 0mul r 013 $a235361 040 $aSeMil$bita 245 10$a2017. 260 $aFirenze :$bSocietà Italiana di Antropologia e Etnologia,$c2017 (stampa 2018) 300 $a159 p. :$bill., tabelle ;$c24 cm. 500 $aArticoli con sintesi in italiano [Riassunto] e in inglese [Summary] in testa. - Contiene : Rendiconti della Società Italiana di Antropologia e Etnologia. 773 0 $tArchivio per l'Antropologia e l'Etnologia.$dFirenze : La Nuova Italia $x0373-3009$w()1910 850 $aSeMil 852 $aSeMil$W1$xVenegono$y1$m95 5 50$j213962$B226520$CSeMilBibl$Z2$F226520 $81 961 $aAbbonamento: Società Italiana di Antropologia e Etnologia 996 $6245$a2017$9(OLS)http://semarc/title/410146 996 $6260$aFirenze :$bSocietà Italiana di Antropologia e Etnologia$9(OLS)http://semarc/publisher/47351